000 00902nam a22002177a 4500
999 _c7379
_d7379
003 AR-CdUCM
008 190320b ||||| |||| 00| 0 spa d
040 _aMUNICIPALIDAD PROVINCIAL DEL CUSCO
_cBIBLIOTECA MUNICIPAL DEL CUSCO
082 _a574.52 /
_bS63
100 _aSoberón Mainero, Jorge
_920798
245 _aEcología de Poblaciones /
260 _aMéxico :
_bFondo de Cultura Economica ,
_c1998.
300 _a149 páginas ;
_c21 cm.
440 _aLa ciencia es para todos
_n82
_920799
505 _aContenido : La Familia Pequeña no evoluciona mejor -- Mejor solos que mal acompañados -- Quitate tu para que me ponga yo -- Corre, que te alcanzo -- Su tú me rascas la espalda yo te la rasco a ti -- Dos son compañia -- Bueno y ¿Ahora que?...
650 _aEcologia
_94960
650 _aEcosistemas
_920682
650 _aHabitad Ecologico
_920800
942 _2ddc
_cLIBROS
945 _artm